000 00489nam a22001937a 4500
005 20251108174549.0
008 250721s9999 xx 000 0 ara d
020 _a9889702037
082 1 4 _aط/216.24/زكا
245 1 0 _aالزكاة /
264 1 _aد.م :
_b123 Publishing House،
300 _a24ص
490 0 _atheir future
650 1 7 _aالزكاه
650 1 7 _aالاسلام
653 _aناشاون صغار (10-14) سنه
942 _2ddc
_cBK
999 _c112355
_d112355